<?xml version="1.0" encoding="UTF-8"?>
<record
    xmlns:xsi="http://www.w3.org/2001/XMLSchema-instance"
    xsi:schemaLocation="http://www.loc.gov/MARC21/slim http://www.loc.gov/standards/marcxml/schema/MARC21slim.xsd"
    xmlns="http://www.loc.gov/MARC21/slim">

  <leader>00803nam a2200217 a 4500</leader>
  <controlfield tag="003">DO-SdBNP</controlfield>
  <controlfield tag="005">20220613115905.0</controlfield>
  <controlfield tag="007">ta</controlfield>
  <controlfield tag="008">220613e2021    dr a|||jr|||| 000 j spa d</controlfield>
  <datafield tag="040" ind1=" " ind2=" ">
    <subfield code="a">DO-SdBNP</subfield>
    <subfield code="b">spa</subfield>
    <subfield code="c">BNPHU</subfield>
  </datafield>
  <datafield tag="082" ind1=" " ind2="4">
    <subfield code="2">22</subfield>
    <subfield code="b">V872m</subfield>
  </datafield>
  <datafield tag="245" ind1="1" ind2="0">
    <subfield code="a">Voces del mar. /</subfield>
  </datafield>
  <datafield tag="260" ind1=" " ind2=" ">
    <subfield code="a">Puerto Plata, Rep&#xFA;blica Dominicana :</subfield>
    <subfield code="b">Renovaci&#xF3;n,</subfield>
    <subfield code="c">2021</subfield>
  </datafield>
  <datafield tag="300" ind1=" " ind2=" ">
    <subfield code="a">57 p. :</subfield>
    <subfield code="b">il. ;</subfield>
    <subfield code="c">21 cm.</subfield>
  </datafield>
  <datafield tag="500" ind1=" " ind2=" ">
    <subfield code="a">Concurso literario Por Nuestro Pa&#xED;s Primero, 2021 </subfield>
  </datafield>
  <datafield tag="586" ind1=" " ind2=" ">
    <subfield code="a">Premio Poes&#xED;a 13 a 15 a&#xF1;os, / Ana Isabel Jim&#xE9;mez,
Premio Poes&#xED;a Patri&#xF3;tica 13 a 15 a&#xF1;os, "Genral Gregorio Luper&#xF3;n.
Premio Poes&#xED;a 16 a 18 a&#xF1;os, "Salom&#xE9; Ure&#xF1;a".</subfield>
  </datafield>
  <datafield tag="650" ind1=" " ind2="4">
    <subfield code="9">78254</subfield>
    <subfield code="a">Literatura infanto juvenil</subfield>
  </datafield>
  <datafield tag="650" ind1=" " ind2="0">
    <subfield code="9">26914</subfield>
    <subfield code="a">Concurso Literarios</subfield>
    <subfield code="x">Rep&#xFA;blica Dominicana</subfield>
  </datafield>
  <datafield tag="910" ind1=" " ind2=" ">
    <subfield code="a">MFeliz</subfield>
  </datafield>
  <datafield tag="942" ind1=" " ind2=" ">
    <subfield code="2">ddc</subfield>
    <subfield code="c">LBS1</subfield>
  </datafield>
  <datafield tag="952" ind1=" " ind2=" ">
    <subfield code="0">0</subfield>
    <subfield code="1">0</subfield>
    <subfield code="2">ddc</subfield>
    <subfield code="5">1</subfield>
    <subfield code="7">0</subfield>
    <subfield code="8">PD</subfield>
    <subfield code="a">BNPHU</subfield>
    <subfield code="b">BNPHU</subfield>
    <subfield code="c">CT</subfield>
    <subfield code="d">2022-01-27</subfield>
    <subfield code="e">Dep&#xF3;sito legal / Ediciones Renovaci&#xF3;n</subfield>
    <subfield code="l">0</subfield>
    <subfield code="o">V872m</subfield>
    <subfield code="p">2022-2974</subfield>
    <subfield code="r">2022-06-13</subfield>
    <subfield code="w">2022-06-13</subfield>
    <subfield code="y">LBS1</subfield>
  </datafield>
  <datafield tag="952" ind1=" " ind2=" ">
    <subfield code="0">0</subfield>
    <subfield code="1">0</subfield>
    <subfield code="2">ddc</subfield>
    <subfield code="5">1</subfield>
    <subfield code="7">0</subfield>
    <subfield code="8">PD</subfield>
    <subfield code="a">BNPHU</subfield>
    <subfield code="b">BNPHU</subfield>
    <subfield code="c">CT</subfield>
    <subfield code="d">2022-01-27</subfield>
    <subfield code="e">Dep&#xF3;sito legal / Ediciones Renovaci&#xF3;n</subfield>
    <subfield code="l">0</subfield>
    <subfield code="o">V872m</subfield>
    <subfield code="p">2022-2975</subfield>
    <subfield code="r">2022-06-13</subfield>
    <subfield code="t">e.2</subfield>
    <subfield code="w">2022-06-13</subfield>
    <subfield code="y">LBS1</subfield>
  </datafield>
  <datafield tag="999" ind1=" " ind2=" ">
    <subfield code="c">52028</subfield>
    <subfield code="d">52028</subfield>
  </datafield>
</record>
